000 00783cam a2200265 4500
001 ABS66504
008 030402n2003 000 0 eng u
035 _a(Sirsi) u121876
245 _aFocus 2003: London update
260 _c2003
490 _aEstates Gazette
_v(0305) 1 February 2003, 69-77(4)
590 _aABS
650 _aLONDON
650 _aPROPERTY-COMMERCIAL PROPERTY-OFFICE PROPERTY-OFFICE PROPERTY MARKET
650 _aPROPERTY-COMMERCIAL PROPERTY-RETAIL PROPERTY-RETAIL PROPERTY MARKET
650 _aWEST END OF LONDON
650 _aTAKE-UP
650 _aVACANCY RATES
650 _aCITY OF LONDON
650 _aINVESTMENT
650 _aRENTS
650 _aYIELDS
690 _aPROPERTY-COMMERCIAL PROPERTY-COMMERCIAL PROPERTY MARKET
942 _n0
999 _c72431
_d72431